000 01294nam a22003617a 4500
003 CHAP
005 20220329135147.0
008 971013s1987 r 00010 d
010 _a31911
011 _a32883
035 _a36998
040 _cCHAP
090 _aTesis
100 0 0 _aMartínez Limón, Humberto.
_972211
245 _aResistencia de tres variedades, híbridos y un criollo de maíz al ataque de gusano cogollero Spodoptera frugiperda (Smith)
260 _aMarín, N.L. :
_bEl autor,
_c1987
300 _a36 h
502 _aTesis (Ing. Agrónomo Fitotecnista) --Universidad Autónoma de Nuevo León. Fac. de Agronomía
590 _aALEPH
_b10
_c20130110
_lUCH01
_h1254
590 _aBATCH-UPD
_b10
_c20130110
_lUCH01
_h0241
590 _aBATCH-UPD
_b10
_c20130110
_lUCH01
_h1722
590 _aBATCH-UPD
_b10
_c20130409
_lUCH01
_h2308
590 _aBATCH-UPD
_b10
_c20130410
_lUCH01
_h1351
590 _aBATCH-UPD
_b10
_c20130914
_lUCH01
_h1557
590 _aCONVERSION
_b10
_c20130109
_lUCH01
_h1318
650 1 4 _aGusano cogollero del maíz.
_951561
650 1 4 _aMaíz
_xHíbridos.
_970974
650 1 4 _aMaíz
_xVariedades resistentes a plagas.
_971083
650 1 4 _aMaíz
_xVariedades.
_971081
901 _aBK
942 _cTESIS
949 _bBC
_cTES
_d-84957
_eTS1
_h20773
_i36998
_si
999 _c31911
_d31911